| 000 | 00685nam a2200205 a 4500 | ||
|---|---|---|---|
| 005 | 20230525063735.0 | ||
| 008 | 020927s1999 mx r 000 0 spa d | ||
| 020 | _a9701503821 | ||
| 035 | _aUPN01000119709 | ||
| 049 | _aCG | ||
| 050 | 4 |
_aT57.35 _bP4.2 |
|
| 100 | 1 |
_aPérez López, César _929850 |
|
| 245 | 1 | 0 |
_aControl estadístico de la calidad : _bteoría, práctica y aplicaciones informáticas / _cCésar Pérez López. |
| 260 |
_aMéxico : _bAlfaomega ; _aMadrid : _bRA-MA, _c1999. |
||
| 300 |
_a698 p. : _bfigs. |
||
| 650 | 4 |
_aINGENIERIA INDUSTRIAL - _vMETODOS ESTADISTICOS |
|
| 650 | 4 |
_aControl de calidad _910920 |
|
| 650 | 2 |
_aMuestreo (Estadística) _923376 |
|
| 905 | _aLibro | ||
| 999 |
_c92060 _d92060 |
||